Distributions, complex variables, and Fourier transforms

Saved in:
Bibliographic Details
Main Author: Bremermann, Hans
Format: Book
Language:English
Published: Reading ; Mass. : Addison-Wesley Pub. Co. ; 1965
Series:Addison-Wesley series in mathematics
Subjects:
Tags: Add Tag
No Tags, Be the first to tag this record!

MARC

LEADER 00000cam a2200000 a 4500
001 1/106279
008 150511s1965####us | ||| |||| ||eng||
040 |a GR-MyUa  |b gre  |c GR-MyUa  |e AACR2 
041 0 |a eng 
082 7 |a 515.723   |2 (23) 
100 1 |a Bremermann, Hans. 
245 1 0 |a Distributions, complex variables, and Fourier transforms /   |c Hans Bremermann.  
260 |a Reading ; Mass. :   |b Addison-Wesley Pub. Co. ;   |c 1965  
300 |a xii, 186 σ. :   |b πίν. ;   |c 25 εκ. 
490 1 |a (Addison-Wesley Series in Mathematics)  
504 |a Περιλαμβάνει βιβλιογραφία και ευρετήριο.  
650 0 |a Theory of distributions (Functional analysis) 
650 0 |a Functions of complex variables. 
650 0 |a Fourier transformations. 
830 0 |a Addison-Wesley series in mathematics 
852 |a INST  |b SAMOS  |e 20150511  |h 515.723 BRE  |p 005300035610  |q 005300035610  |t BK  |y 0 
970 |a Σιτζίμη  |b Γιασεμή   |z 2015/05/11